| 000 | 00495nam a2200181Ia 4500 | ||
|---|---|---|---|
| 001 | 24080 | ||
| 005 | 20260414151019.0 | ||
| 008 | 260414t2010||||xx |||||||||||||| ||spa|| | ||
| 041 | _aESP | ||
| 082 |
_a759.98 _bS747 |
||
| 100 |
_aSiracusano Gabriela _eAUT |
||
| 245 | 0 |
_aLa paleta del espanto : _bcolor y cultura en los cielos e infiernos de la pintura colonial andina |
|
| 260 | _c2010 | ||
| 300 |
_a163 páginas : _c22 cm. |
||
| 650 | _aABD | ||
| 654 | _aCAU | ||
| 942 |
_cLIB _dJUS _fJUS _2ddc _n |
||
| 999 |
_c24080 _d24080 |
||